000 00749nam a22002657a 4500
001 BS2023000520
003 BR-BrBNA
005 20231205114430.0
008 231205b bl.||||| |||| 00| 0 por d
020 _a85-7200-263-4
040 _aBR-BrBNA
_bpor
041 _apor
072 _aE11
100 _4aut.
_aMonbourquette, Jean
245 _aGrupo de auxílio mútuo para pessoas separadas e divorciadas /
_bcomo organizá-lo e dirigi-lo
_cJean Monbourquette
260 _aAparecida, SP
_bEditora Santuário
_c1995
300 _a92 p.
650 _aAUTOAJUDA
650 _aDIVORCIADOS
650 _aGRUPOS DE AUXÍLIO MÚTUO
650 _aSEPARAÇÃO
909 _a202312
_bAna Lívia
942 _cBK
999 _c207669
_d207669